| 000 | 00931nam a22003017a 4500 | ||
|---|---|---|---|
| 001 | 4811 | ||
| 003 | FISKH | ||
| 005 | 20241016090720.0 | ||
| 008 | 241016b cb ||||| |||| 00| 0 eng d | ||
| 020 | _a0590441884 | ||
| 040 |
_aFISKH _beng _cFISKH _dFISKH |
||
| 050 | _aTS1626.D4 | ||
| 082 | _a646.45 | ||
| 100 |
_adePaola, Tomie _d(1934–2020) |
||
| 245 |
_aCharlie needs a cloak / _cStory and Pictures by Tomie dePoala |
||
| 250 | _aFirst printing in 1990 | ||
| 260 |
_aNew York : _bScholastic, _c1990. |
||
| 300 |
_a27 pages : _bColor illustrations ; _c21 cm |
||
| 505 | _aJ | ||
| 520 | _aA shepherd shears his sheep, cards and spins the wool, weaves and dyes the cloth, and sews a beautiful new red cloak. | ||
| 521 | 8 |
_a500L
_bLexile |
|
| 521 | 8 |
_aJ
_bRaz-Plus |
|
| 650 |
_2Picture book _aFarm |
||
| 650 |
_2Sheep _aAnimals |
||
| 700 |
_adePaola, Tomie _dIllustrator |
||
| 942 |
_2ddc _cBK _n0 |
||
| 999 |
_c4811 _d4811 |
||